000 00613nam a2200205 i 4500
001 18402
003 ES-MaACL
005 20230906151829.0
007 t|
008 011218s1996 ve ||||1| spa d
020 _a980-01-0937-4
080 _a821.134.2(861) Mutis, Álvaro 1.06
100 1 _aHernández, Consuelo.
_962796
245 1 0 _aÁlvaro Mutis
_b: una estética del deterioro /
_cConsuelo Hernández.
250 _a1ª ed.
260 _aCaracas :
_bMonte Ávila,
_c1996.
300 _a289 p. ;
_c20 cm.
600 1 4 _aMutis, Alvaro-
_xCrítica e interpretación.
_984733
852 _aES-MaACL
_jL-25208
999 _c18402
_d18402